000 00230nam a22000857a 4500
008 161201b xxu||||| |||| 00| 0 eng d
100 _91656
_aSibley.R
245 _aSnow white and the seven dwarft
260 _aNew Delhi
_bLondon L.B
_c1993
999 _c4370
_d4370